<?xml version="1.0" encoding="UTF-8"?>
<marc:record xmlns:marc="http://www.loc.gov/MARC21/slim">
   <marc:leader>00000nam a2200000 a 4500</marc:leader>
   <marc:datafield ind1="1" ind2=" " tag="100">
      <marc:subfield code="a">Walko</marc:subfield>
      <marc:subfield code="4">aut</marc:subfield>
      <marc:subfield code="e">Verfasser/-in</marc:subfield>
   </marc:datafield>
   <marc:datafield ind1=" " ind2=" " tag="653">
      <marc:subfield code="a">Freundschaft</marc:subfield>
   </marc:datafield>
   <marc:datafield ind1=" " ind2=" " tag="653">
      <marc:subfield code="a">Bär</marc:subfield>
   </marc:datafield>
   <marc:datafield ind1=" " ind2=" " tag="653">
      <marc:subfield code="a">Hase</marc:subfield>
   </marc:datafield>
   <marc:datafield ind1=" " ind2=" " tag="653">
      <marc:subfield code="a">Erstlesealter, Vorschulalter</marc:subfield>
   </marc:datafield>
   <marc:datafield ind1=" " ind2=" " tag="653">
      <marc:subfield code="a">Leseanfänger</marc:subfield>
   </marc:datafield>
   <marc:datafield ind1="0" ind2="0" tag="245">
      <marc:subfield code="a">Die schönsten Abenteuer</marc:subfield>
   </marc:datafield>
   <marc:datafield ind1=" " ind2="1" tag="264">
      <marc:subfield code="b">ars Edition GmbH</marc:subfield>
      <marc:subfield code="c">2016</marc:subfield>
   </marc:datafield>
   <marc:datafield ind1="1" ind2=" " tag="490">
      <marc:subfield code="a">Hase und Holunderbär</marc:subfield>
   </marc:datafield>
   <marc:datafield ind1="1" ind2=" " tag="520">
      <marc:subfield code="a">Klappentext: Die beiden Freunde Hase und Holunderbär sind immer auf der Suche nach spannenden Abenteuern. Auf ihren Ausflügen treffen sie nicht nur auf gruselige Minen-Gespenster und geheimnisvolle Räuber, die sämtliche Futtervorräte ihrer Freunde stehlen, sondern finden auch einen ganz und gar ungewöhnlichen Schatz, der am Ende eines Regenbogens auf sie wartet!  Biografie Nach seiner Lehre zum Druckformenhersteller arbeitete Walko als freiberuflicher Grafiker und Illustrator, sowie als Background-Maler und Produktions-Designer für Animationsfilme. Für seinen kleinen Sohn erfand er die erste Abenteuer-Geschichte "der Schatz auf der Holunderinsel". Inzwischen hat Walko viele andere Bücher hervorgezaubert und mit seinem humor- vollen Stil eine begeisterte Leserschar gewonnen. Ob Hase und Holunderbär, die Amigos oder die verrückten Pappenburger - Abenteuer und Freundschaft werden bei ihm groß geschrieben und eine gute Portion Spaß ist immer garantiert.</marc:subfield>
   </marc:datafield>
   <marc:datafield ind1=" " ind2=" " tag="020">
      <marc:subfield code="a">9783845817576</marc:subfield>
      <marc:subfield code="9">9783845817576</marc:subfield>
   </marc:datafield>
</marc:record>
